000 01483cam a2200265 4500
001 L128322
008 041216n2005 000 0 eng u
020 _a1842192116
022 _a1464-648X
035 _a(Sirsi) u128322
041 _aeng
100 _aChipungu, Lovemore
110 _aRoyal Institution of Chartered Surveyors
_bFoundation
_94173
245 _aInstitutional constraints to land delivery for low income housing
_ba case study of Harare, Zimbabwe
_h[electronic resource]
260 _aLondon
_bRICS Foundation
_c2005
300 _a28p.
490 _aRICS Foundation Our Common Estate Series
520 _aThis paper, focusing on third world countries, looks at some of the major challenges that urban managers have faced in trying to house the low-income segment of the population. It draws examples mainly from Zimbabwe. The author argues that the institutional problems bedevilling low-income housing schemes in Zimbabwe also apply to a large extent to other developing countries. Concludes with how best the beneficiaries can be taken aboard in the planning of low-income housing schemes, a challenge many central and local authorities are still coming to terms with.
590 _aIKA040705
650 _aHARARE
690 _aResidential property
_96266
700 _aAntwi, Adarkwah
856 _uhttps://www.rics.org/Global/Downloads/InstitutionalConstraints200501.pdf
_zView the report free of charge at www.rics-foundation.org...
942 _n0
999 _c103888
_d103888